000 00345nam a2200133Ia 4500
008 220216s9999 xx 000 0 und d
100 _aCyriac P.C.
245 0 _aShould we grow rubber in the north-east
260 _bRubber Board Bulletin
_c1987
300 _a22-24
650 _aNorth East India
650 _aRubber cultivation
942 _cBS
999 _c51151
_d51151